ਵਾਤਾਵਰਣ ਸਮੱਸਿਆਵਾਂ (Record no. 98095)

MARC details
000 -LEADER
fixed length control field 00610nam a22001817a 4500
005 - DATE AND TIME OF LATEST TRANSACTION
control field 20151105124136.0
010 ## - LCCN (DPL NO)
LC control number PUN-7778
020 ## - INTERNATIONAL STANDARD BOOK NUMBER
International Standard Book Number 9789350680988
Terms of availability 225.00
035 ## - SYSTEM CONTROL NUMBER
System control number PN-6896
037 ## - SOURCE OF ACQUISITION
Stock number unistar books
082 ## - DEWEY DECIMAL CLASSIFICATION NUMBER
Edition number 363.5
245 ## - TITLE STATEMENT
Title ਵਾਤਾਵਰਣ ਸਮੱਸਿਆਵਾਂ
Statement of responsibility, etc ਸੰਪਾਦਿਤ ਰਾਜਦੀਪ ਸਿੰਘ ਧਾਲੀਵਾਲ
246 ## - VARYING FORM OF TITLE
Title proper/short title Vatavaran Samasayavan
Remainder of title ed by Rajdeep Singh Dhaliwal
250 ## - EDITION STATEMENT
Edition statement 2012
260 ## - PUBLICATION, DISTRIBUTION, ETC. (IMPRINT)
Place of publication, distribution, etc Chandigarh
Name of publisher, distributor, etc Unistar Books
300 ## - PHYSICAL DESCRIPTION
Extent Pg.178
Other physical details 22cmਸਜਿਲਦ
942 ## - ADDED ENTRY ELEMENTS (KOHA)
Source of classification or shelving scheme Dewey Decimal Classification
Item type Punjabi Bks
Classification part 363.5
Call number prefix ਵਾਤਾਵ
Holdings
Withdrawn status Lost status Not for loan Collection code Home library Current library Date acquired Source of acquisition Cost, normal purchase price Full call number Barcode Copy number Cost, replacement price Koha item type
      Non-fiction D.B.Act.Division D.B.Act.Division 05/11/2015 DBAD 225.00 363.5 PN-6896 1 225.00 Punjabi Bks

© Delhi Public Library
Hit Counter
free hit counter